Daily U.S. State Riddle #42 - Statistics

General Stats
  • This quiz has been taken 64 times
  • The average score is 31 of 34
Answer Stats
Type Answer % Correct
Found Letter A
100%
Alphabet Letter L
100%
Alphabet Letter M
100%
Alphabet Letter N
100%
Found Letter O
100%
Found Letter R
100%
Correctly Placed Letter A
98%
Found Letter I
98%
Alphabet Letter S
98%
Alphabet Letter T
98%
Alphabet Letter D
96%
Found Letter E
96%
Alphabet Letter B
94%
Alphabet Letter K
94%
Alphabet Letter C
92%
Alphabet Letter H
92%
Alphabet Letter U
92%
Alphabet Letter Z
92%
Alphabet Letter W
88%
Alphabet Letter F
87%
Found Letter G
87%
Correctly Placed Letter O
87%
Alphabet Letter P
87%
Correctly Placed Letter R
87%
Alphabet Letter V
87%
Alphabet Letter X
87%
Alphabet Letter Y
87%
Correctly Placed Letter E
85%
Correctly Placed Letter G
85%
Correctly Placed Letter G
85%
Mystery U.S. State Georgia
85%
Correctly Placed Letter I
85%
Alphabet Letter J
85%
Alphabet Letter Q
85%
No matching quizzes found
Score Distribution
Percent of People with Each Score
Percentile by Number Answered
Your Score History
You have not taken this quiz